000 00875nam a2200217 4500
003 CO-ViMGA
020 _a9789588931616
040 _aCO-ViMGA
_bspa
_cCO-ViMGA
082 0 4 _a305.42
_b A42g
100 1 _aAlexiévich, Svetlana
_98837
245 1 0 _aLa guerra no tiene rostro de mujer /
_cSvetlana Alexiévich ; traducción de Yulia Dobrovolskaia y Zahara García González.
260 _aBogotá :
_bPenguin Random House,
_c2016.
300 _a364 páginas ;
_b23 cm.
490 _aPlan Nacional de Lectura y Escritura Leer es mi Cuento / Ministerio de Cultura
650 1 4 _aGuerra Mundial II, 1939-1945
_vMujeres
_xHistoria
_98840
650 1 4 _aMujeres
_xCondiciones Sociales
_98839
650 1 4 _aMujeres En La Guerra
_xRelatos Personales
_98838
700 1 _aDobrovolskaia, Yulia
_etraductora
_98841
700 1 _aGarcía González, Zahara
_etraductor
_98842
942 _2ddc
_cBK
999 _c7570
_d7570